Spotrebiteľské vzdelávanie ako nástroj spotrebiteľskej politiky dizertačná práca

Salvato in:
Dettagli Bibliografici
Autore principale: Stašenková, Božena
Ente Autore: Ekonomická univerzita v Bratislave. Obchodná fakulta
Altri autori: Hraško, Pavel
Natura: Libro
Lingua:slovacco
Pubblicazione: Bratislava 2008
Soggetti:
Tags: Aggiungi Tag
Nessun Tag, puoi essere il primo ad aggiungerne!!

MARC

LEADER 00000nam$a2200000$$$4500
001 0100050
005 20240109070849.5
041 0 |a slo 
044 |a SK 
245 1 0 |a Spotrebiteľské vzdelávanie ako nástroj spotrebiteľskej politiky  |b dizertačná práca  |c Božena Stašenková ; škol. Pavel Hraško 
264 1 |a Bratislava  |c 2008 
300 |a 153 s. 
610 2 0 |a spotrebitelia 
610 2 0 |a správanie spotrebiteľa 
610 2 0 |a politika spotrebiteľská 
100 1 |a Stašenková, Božena 
700 1 |a Hraško, Pavel 
710 2 |a Ekonomická univerzita v Bratislave. Obchodná fakulta